Wiedza o Polsce - Statystyki

Ogólne statystyki
  • Ten quiz został rozwiązany 74 razy
  • Średni wynik to 7 z 20
Statystyki odpowiedzi
Wskazówka Odpowiedź % Poprawnych
Najwyższy szczyt Polski Rysy
96%
Polski taniec narodowy w rytmie trójdzielnym, często wykonywany na balach szlacheckich Polonez
90%
Jakie zwierzę jest symbolem Białowieskiego Parku Narodowego? Żubr
88%
Staropolska potrawa z kiszonej kapusty i różnych rodzajów mięsa Bigos
77%
Miasto nazywane ,,polskim Manchesterem" ze względu na swoją przemysłową przeszłość Łódź
67%
Jedyna pustynia w Polsce Pustynia Błędowska
60%
Miasto z najbardziej skomplikowanym układem komunikacyjnym, słynącym z plątanin ulic i torów tramwajowych Wrocław
52%
Tradycyjna polska zupa przygotowywana na bazie zakwasu z mąki żytniej Żurek
50%
Tradycyjny biały ser, często używany do przygotowania sernika i pierogów Twaróg
44%
Miasto znane z produkcji ceramiki o charakterystycznych niebieskich wzorach Bolesławiec
35%
Legendarny potwór, który według podań mieszkał w Wiśle i terroryzował mieszkańców Bazyliszek
19%
Jedynie miasto w Polsce, które leży na dwóch morzach Hel
15%
Tradycyjna polska technika zdobienia jaj wielkanocnych, w której wzory wydrapuje się na wcześniej zafarbowanej skorupie Kraszanki (technika rytownicza)
15%
Polski mitologiczny stwór domowy, który miał pomagać gospodarzom w zamian za jedzenie Skrzat | Domowik
10%
Miejscowosć, w której znajduje się największy naturalny labirynt skalny Błędne Skały
8%
Polski minerał, który nie występuje w żadnym innym kraju na świecie Krzemień pasiasty
4%
Najstarsze drzewo w Polsce, rosnące w województwie dolnośląskim Cis Henrykowski
2%
Miejscowość, w której znajduje się jedyna w Europie pustynia śródlądowa Klucze
2%
Jedyny polski samochód elektryczny zaprojektowany przed 1989 rokiem Melex
2%
Najrzadszy rodzimy gatunek drapieżnika występujący w polskich lasach Ryś euroazjatycki
0%
Nie znaleziono quizów pasujących do podanych kryteriów
Rozkład punktacji
Procent ludzi z każdym wynikiem
Percentyl według liczby udzielonych odpowiedzi
Twoja historia wyników
Nie rozwiązałeś tego quizu